000 002490000a22000970004500
100 1 _aLlerena, Mario
245 1 0 _aEl papa y las situaciones políticas
300 _aVol. 9, Núm 49 (1997), Páginas 28
773 0 _tImpacto Presbiteriano
942 _cANA
999 _c51070
_d51070